Beaky
| Main Author: | |
|---|---|
| Format: | Book |
| Published: |
Great Britain :
WalkerBooks Ltd ,
1990
|
| Subjects: |
MARC
| LEADER | 00000cam a2200000 7i4500 | ||
|---|---|---|---|
| 001 | 0000046691 | ||
| 005 | 20020101.0 | ||
| 008 | 020101s1990 | ||
| 020 | |a 0395533481 | ||
| 090 | 0 | 0 | |a J 823.914 ALB |
| 100 | 1 | |a Alborough, Jes | |
| 245 | 1 | 0 | |a Beaky |c Jes Alborough |
| 260 | |a Great Britain : |b WalkerBooks Ltd , |c 1990 | ||
| 300 | |b col.ill ; |c 27cm. | ||
| 650 | 0 | 0 | |a English Fiction |
| 999 | |a 0000333545 |b Buku |c Koleksi Pinjaman Kanak-Kanak |e Perbadanan Perpustakaan Awam Melaka | ||
| 999 | |a 01770 |b Buku |c Koleksi Pinjaman Kanak-Kanak |e Perbadanan Perpustakaan Awam Melaka | ||